000 00999nam0a22002411 4500
001 rc\2971109
005 20260407143410.0
035 _a(NLR Aleph) 007117217
090 _a6826742
_c6826742
100 _a20110907d1939 |||y0rusy50 ca
101 0 _arus
102 _aRU
105 _ay z |||||
200 1 _aТруды Киевского ордена Ленина политехнического института
_eТ. [1]-
_fМ-во высш. и сред. спец. образования
210 _aКиев
_cБ. и.
_d1939
300 _aПеречень имеющихся в библиотеке томов, номеров, годов этого издания смотри в каталоге периодических изданий
710 0 2 _aКиевский политехнический институт
_3RU\NLR\AUTH\8810015198
_9528266
801 0 _aRU
_bNLR
_gpsbo
801 1 _aRU
_bELAR
_2rusmarc
852 _aNLR
_jП10/673
942 _cBOOK
980 _aNB